A short guide to Clausewitz on war. (Record no. 551587)
[ view plain ]
| 000 -LEADER | |
|---|---|
| fixed length control field | 00718cam a22001931 4500 |
| 082 ## - DEWEY DECIMAL CLASSIFICATION NUMBER | |
| Classification number | 355.02 |
| Author Mark | CLA |
| -- | L-30, P-145 |
| 100 1# - MAIN ENTRY--PERSONAL NAME | |
| Personal name | Clausewitz, Carl von, |
| 245 12 - TITLE STATEMENT | |
| Title | A short guide to Clausewitz on war. |
| Statement of responsibility, etc. | Edited and with an introd. by Roger Ashley Leonard. Pref. by Michael Howard. |
| 250 ## - EDITION STATEMENT | |
| Edition statement | [1st American ed.] |
| 260 ## - PUBLICATION, DISTRIBUTION, ETC. | |
| Place of publication, distribution, etc. | New York, |
| Name of publisher, distributor, etc. | Putnam |
| Date of publication, distribution, etc. | [1967] |
| 300 ## - PHYSICAL DESCRIPTION | |
| Extent | xi, 237 p. |
| Dimensions | 21 cm. |
| 500 ## - GENERAL NOTE | |
| General note | Extracts selected from the English translation of Vom Kriege published in London in 1962. |
| 526 ## - STUDY PROGRAM INFORMATION NOTE | |
| Program name | 0 |
| Interest level | 0 |
| Reading level | 0 |
| Title point value | 355_020000000000000_CLA |
| 650 #0 - SUBJECT ADDED ENTRY--TOPICAL TERM | |
| Topical term or geographic name entry element | Military art and science. |
| 9 (RLIN) | 37914 |
| 650 #0 - SUBJECT ADDED ENTRY--TOPICAL TERM | |
| Topical term or geographic name entry element | War. |
| 700 1# - ADDED ENTRY--PERSONAL NAME | |
| Personal name | Clausewitz, Carl von, |
| 9 (RLIN) | 48735 |
| 700 1# - ADDED ENTRY--PERSONAL NAME | |
| Personal name | Leonard, Roger Ashley, |
| 9 (RLIN) | 48736 |
| 942 ## - ADDED ENTRY ELEMENTS (KOHA) | |
| Source of classification or shelving scheme | |
| Koha item type | Book |
| Withdrawn status | Lost status | Source of classification or shelving scheme | Damaged status | Not for loan | Permanent Location | Current Location | Date acquired | Total Checkouts | Full call number | Barcode | Date last seen | Price effective from | Koha item type |
|---|---|---|---|---|---|---|---|---|---|---|---|---|---|
| Military College of Engineering (MCE) | Military College of Engineering (MCE) | 12/18/2014 | 355.02 CLA | MCE-33531 | 01/16/2020 | 12/18/2014 | Book |
